000 00345nam a2200133 i 4500
001 bg
100 1 _aKOŁOS, Włodzimierz
245 0 _aElementy chemii kwantowej sposobem niematematycznym wyłożone /
_cW. Kołos.
260 _aWarszawa,
_c1979.
040 _cBPK
041 _apol
942 _cKS
008 s pl f |000 0 pol
999 _c18632
_d18632
856 _uhttp://koha.tu.koszalin.pl/cgi-bin/koha/opac-detail.pl?biblionumber=18632
_yKatalog online BPK